Logos-Vol. 38, no. 3 (Record no. 54)

MARC details
000 -LEADER
fixed length control field 004200000a22001570004500
008 - FIXED-LENGTH DATA ELEMENTS--GENERAL INFORMATION
fixed length control field 230817t1999 ||||| |||| 00| 0 eng d
022 ## - INTERNATIONAL STANDARD SERIAL NUMBER
ISSN 13910582
942 ## - ADDED ENTRY ELEMENTS (KOHA)
Item Type Periodicals
245 ## - TITLE STATEMENT
Title Logos-Vol. 38, no. 3
246 ## - VARYING FORM OF TITLE
Title Perspectives: Human rights in Religions
260 ## - PUBLICATION, DISTRIBUTION, ETC. (IMPRINT)
Place of Publication Colombo
Name of Publisher Centre for society & Religion,
Date of Copyright 1999
300 ## - PHYSICAL DESCRIPTION
Physical Details 80 p.
490 ## - SERIES STATEMENT
Series statement Vol.38 No.3
650 ## - SUBJECT ADDED ENTRY--TOPICAL TERM
Topical Term Human Rights
650 ## - SUBJECT ADDED ENTRY--TOPICAL TERM
Topical Term Islam and Human Rights
Holdings
Withdrawn status Lost status Source of classification or shelving scheme Damaged status Not for loan Permanent location Current location Date acquired Total Checkouts Full call number Barcode Date last seen Price effective from Koha item type
    Dewey Decimal Classification     Resource center, Muslim Women's Research And Action Forum Resource center, Muslim Women's Research And Action Forum 2023-08-17   291.175 HUM RAF3959 2023-08-17 2023-08-17 Books
    Dewey Decimal Classification     Resource center, Muslim Women's Research And Action Forum Resource center, Muslim Women's Research And Action Forum 2024-02-29   291.175 HUM RAF5159 2024-02-29 2024-02-29 Periodicals

Copyright © 2023 Muslim Women's Research and Action Forum (MWRAF), No 27/3, Anderson Road, Kalubowila, Dehiwela. Funded by The Asia Fundation